| 000 | 00588nam a2200157 a 4500 | ||
|---|---|---|---|
| 001 | 1977 | ||
| 003 | CDMR | ||
| 005 | 20130315103932.0 | ||
| 008 | 130130s1998||||||||||||||||||||||||||||d | ||
| 020 | _a8483006626 | ||
| 040 |
_aCDMR _bcat _cCDMR |
||
| 111 | 2 |
_aJornades Parlamentàries sobre Mitjans de Comunicació Audiovisual _cBarcelona _d1998 _n2es _9738 |
|
| 245 | 1 | 3 |
_aLa democràcia a la societat de la informació _cpròleg de Joan Reventós ; introducció de Xavier Guitart ; Norbert Bilbeny, Gabriel Ferraté, Joan Majó ... [et al.] |
| 260 |
_aBarcelona _c1998 _bColumna |
||
| 942 |
_cMON _2udc |
||
| 999 |
_c1977 _d1977 |
||